| 000 | 00573nam a2200181Ia 4500 | ||
|---|---|---|---|
| 003 | PILC | ||
| 005 | 20160321151010.0 | ||
| 008 | 140527s9999 xx 000 0 und d | ||
| 020 | _a9781780520704 | ||
| 050 |
_aG 155.A1 _b.St82m 2012 |
||
| 245 |
_aStrategic marketing in tourism services / _cedited by Rodoula H. Tsiotsou, Ronald E. Goldsmith. |
||
| 260 |
_aBingley, UK : _bEmerald, _c2012. |
||
| 300 |
_a377 pages : _billustrations ; _c25 cm. |
||
| 500 | _aIncludes appendix and index. | ||
| 650 | _aStrategic planning. | ||
| 942 |
_kFOR _cBK _2lcc |
||
| 999 |
_c117481 _d117481 |
||